000 00652nam a2200241Ia 4500
003 OSt
005 20221005124412.0
006 a|||||r|||| 00| 0
007 ta
008 221004b |||||||| |||| 00| 0 mal d
024 _a54609
037 _cTextual
040 _aCRL
_cCRL
_bmal
041 _2mal
_amal
082 _aO32,1N39,1, M2
100 _aNamboodiri Vishnunarayanan Au.
_9635154
245 0 _aMukhom evide?
260 _c1982
650 _a MALAYALAM POETRY
_9185636
650 _aMALAYALAM LITERATURE
_938866
942 _hO32,1N39,1, M2
_cTEXL
_2cc
999 _c1050343
_d1050343